000 00696nam a2200241Ia 4500
003 OSt
005 20220923225549.0
006 a|||||r|||| 00| 0
007 ta
008 Pun
024 _a271,342
037 _cTextual
040 _aARTS
_cARTS
_bPun
041 _2Pun
_aPun
082 _aO153:g, K8
100 _aਸਿੱਕਾ, ਅਜੀਤ ਸਿੰਘ
245 0 _aਸਿਧਾਂਤ
260 _aਲੁਧਿਆਣਾ
_b ਭਾਗ ਸਿੰਘ ਅਲ਼ਡ ਸੰਨਗ਼
_c1968
300 _a103ਪੰ
_ccm.
650 _aਪੰਜਾਬੀ ਸਾਹਿਤ
942 _hO153:g, K8
_cTEXL
_2CC
999 _c379158
_d379158